000 00959nam a22003017i 4500
999 _c171892
_d171892
003 PPAK
005 20190404103034.0
007 ta
008 181114t20062017-uka|||j |||| 00| 0 eng d
020 _a9781842399071
_cRM17.90
_qpaperback
040 _aPPAK
_beng
_cPPAK
_erda
082 0 4 _223
_a595.7
090 0 0 _a595.7
_bLEG
_dRK
100 1 _aLegg, Gerald,
_eauthor
245 1 0 _aMinibeasts /
_cGerald Legg
264 1 _aLondon :
_bAlligator Books Ltd.,
_c[2006?]
264 4 _c©2017
300 _a32 pages :
_bcolour illustrations ;
_c28 cm
336 _2rdacontent
_atext
337 _2rdamedia
_aunmediated
338 _2rdacarrier
_avolume
490 1 _aknowledge MASTERS
500 _aIncludes index.
520 _aExamines the characteristics and habits of creatures such as insects, leeches, centipedes, spiders, scorpions, earthworms, and snails.
650 1 0 _aInsects
_vJuvenile literature
830 0 _aknowledge MASTERS
942 _2ddc
_cB